Tokoh dan jejak pewaris generasi FRIM
| Format: | Book |
|---|---|
| Published: |
Selangor :
Institut Penyelidikan Perhutanan Malaysia ,
2011
|
| Subjects: |
MARC
| LEADER | 00000cam a2200000 7i4500 | ||
|---|---|---|---|
| 001 | 0000004017 | ||
| 005 | 20150107.0 | ||
| 040 | |a JPSM | ||
| 090 | 0 | 0 | |a 920.0595 |b FRIM 2011 |
| 245 | 1 | 0 | |a Tokoh dan jejak pewaris generasi FRIM |c editor Nik Zahariah N.M, Abd Latif M. |
| 260 | 0 | 0 | |a Selangor : |b Institut Penyelidikan Perhutanan Malaysia , |c 2011 |
| 300 | |a xii.332 p. : |b ill. ; |c 21cm. | ||
| 651 | 0 | 0 | |a FRIM |x Biography |
| 999 | |a 007843 |b Monograph |c Open Shelf |e Default branch | ||